| 000 | 00713nam a2200289Ia 4500 | ||
|---|---|---|---|
| 005 | 20260324132524.0 | ||
| 008 | 008 260324s9999 xx 000 0 eng d | ||
| 020 | _a9780203634745 | ||
| 037 | _aEBOOK | ||
| 040 | _aCRL | ||
| 040 | _beng | ||
| 040 | _cCRL | ||
| 041 | _2eng | ||
| 041 | _aeng | ||
| 084 | _qCRL | ||
| 100 |
_aMari Hvattum; Christian Hermansen _91189610 |
||
| 245 | 0 | _aTracing Modernity | |
| 245 | 0 | _bManifestations of the Modern in Architecture and the City | |
| 260 | _bTaylor and Francis | ||
| 260 | _c2004 | ||
| 365 | _a | ||
| 365 | _b220 | ||
| 856 | _uhttp://www.taylorfrancis.com/books/9780203634745 | ||
| 942 | _cEBOOK | ||
| 999 |
_c1787783 _d1787783 |
||